00369nam a2200121Ia 4500008004100000082002000041100001900061245003700080260004000117300000800157630001800165650006400183211109s9999||||xx |||||||||||||| ||und|| a894.8121bSRE-K aSreenivas, T R 0aKamadhenubvum Mattu Kavithakalum bNational Book StallaKottayamc1970 a73p xGENERAL STACK aMalayalam LiteraturevMalayalam PoetryxLiteratureGeneralia